|
|
|
|
| LEADER |
00000ny a22000003n 4500 |
| 005 |
20070621141929.0 |
| 008 |
030408s2002 ck a b 000 0 spa |
| 010 |
|
|
|a 2003480362
|
| 020 |
|
|
|a 9789586483063
|
| 035 |
|
|
|a 3384
|
| 040 |
|
|
|a DLC
|c DLC
|d vLex
|
| 050 |
0 |
0 |
|a HF5681.B2
|b G275 2002
|
| 090 |
|
|
|c 738
|d 738
|
| 100 |
1 |
|
|a Garca̕ Restrepo, Javier E.
|
| 245 |
1 |
0 |
|a Estados financieros
|h [Recurso electrn̤ico]
|b consolidacin̤ y mťodo de participacin̤ /
|c Javier E. Garca̕ R.
|
| 256 |
|
|
|a Servicio en ln̕ea
|
| 260 |
|
|
|a Bogot ̀:
|b Ecoe,
|c 2002
|
| 300 |
|
|
|a xx, 190, [1] p. :
|b ill. ;
|c 24 cm
|
| 504 |
|
|
|a Includes bibliographical references (p. [191])
|
| 506 |
1 |
|
|a Contenido solo disponible en los productos indicados
|d vLex Global
|d vLex Global (Academic Edition, excluding Law Schools)
|d vLex Global (U.S. Academic Edition, Law Schools)
|d vLex Global (U.S. Academic Edition, excluding Law Schools)
|d vLex Global (Academic Edition, Law Schools)
|
| 650 |
0 |
4 |
|a Estados financieros consolidados
|
| 740 |
0 |
|
|a vLex Libros (Servicios en ln̕ea)
|
| 856 |
4 |
0 |
|z Acceso restringido
|u http://vlex.com/source/3384
|
| 942 |
|
|
|c BOOK
|
| 999 |
|
0 |
|a Financial statements, Consolidated.
|b Bogot̀
|